[Event "BL 8182 Frankfurt-HSK"]
[Site "?"]
[Date "1982.??.??"]
[Round "?.2"]
[White "Hess, R."]
[Black "Cordes, H."]
[Result "1-0"]
[WhiteElo "2415"]
[BlackElo "2280"]
[PlyCount "109"]
[EventDate "1982.??.??"]

1. d4 g6 2. e4 Bg7 3. Nf3 c5 4. Nc3 cxd4 5. Nxd4 Nc6 6. Be3 Nf6 7. Nb3 d6 8.
Be2 O-O 9. O-O Be6 10. f4 Qc8 11. Kh1 Rd8 12. Bf3 Bc4 13. Rf2 Qc7 14. Nd5 Bxd5
15. exd5 Na5 16. Nxa5 Qxa5 17. c4 Rdc8 18. Rc2 Rc7 19. a4 Rac8 20. b3 h5 21.
Rb1 a6 22. Qg1 Nd7 23. Bd2 Qc5 24. a5 Qxg1+ 25. Kxg1 Bd4+ 26. Kf1 b5 27. axb6
Rb7 28. Ra2 Rxb6 29. Be4 Nf6 30. Bc2 Ng4 31. Ke2 Nxh2 32. Kd3 Bf2 33. Bd1 Bh4
34. Ba5 Rb7 35. Bc3 Ng4 36. Bxg4 hxg4 37. Rxa6 Rcb8 38. Kc2 Bg3 39. Rh1 f6 40.
b4 Bxf4 41. b5 Be3 42. Kd3 Bc5 43. Rh4 g3 44. Rg4 Kf7 45. Rxg3 g5 46. Rh3 f5
47. Ra1 Kg6 48. Rah1 f4 49. Ke4 Rg8 50. Rh7 g4 51. R1h6+ Kg5 52. g3 Be3 53. c5
Rf8 54. Rh5+ Kg6 55. Rh4 1-0

[Event "BL 8182 Frankfurt-HSK"]
[Site "?"]
[Date "1982.??.??"]
[Round "?.3"]
[White "Gruenberg, Ra"]
[Black "Podzielny, K."]
[Result "0-1"]
[WhiteElo "2300"]
[BlackElo "2405"]
[PlyCount "95"]
[EventDate "1982.??.??"]

1. d4 Nf6 2. c4 g6 3. Nc3 Bg7 4. e4 d6 5. Be2 O-O 6. Bg5 c5 7. d5 h6 8. Bf4 e6
9. dxe6 Bxe6 10. Bxd6 Re8 11. Nf3 Nc6 12. O-O Nd4 13. e5 Nd7 14. Nxd4 cxd4 15.
Qxd4 Nxe5 16. Bxe5 Qxd4 17. Bxd4 Bxd4 18. Rac1 Rac8 19. b3 Kg7 20. Bf3 Re7 21.
Rfe1 Rd7 22. Red1 Rcd8 23. Kf1 Bf5 24. g4 Be6 25. h3 h5 26. Nb5 Bc5 27. Nc7 Rd2
28. Nxe6+ fxe6 29. Be2 hxg4 30. hxg4 Kf6 31. a3 Bxa3 32. Rxd2 Rxd2 33. Ra1 Bc5
34. b4 Bxb4 35. Rxa7 b6 36. Ra8 Bc5 37. Rg8 e5 38. Rh8 Ra2 39. Rd8 Bd4 40. f4
Ra1+ 41. Kg2 Ra2 42. Kf1 Bc5 43. fxe5+ Kxe5 44. Rd3 Ke4 45. Rb3 Ra1+ 46. Kg2
Rg1+ 47. Kh2 Kf4 48. Rf3+ {ZÜ} 0-1

[Event "BL 8182 Frankfurt-HSK"]
[Site "?"]
[Date "1982.??.??"]
[Round "?.4"]
[White "Werner, D."]
[Black "Jacoby, G."]
[Result "1-0"]
[WhiteElo "2355"]
[BlackElo "2270"]
[PlyCount "94"]
[EventDate "1982.??.??"]

1. e4 e5 2. Nf3 Nc6 3. Bb5 a6 4. Bxc6 dxc6 5. O-O f6 6. d4 Bg4 7. c3 Bd6 8.
Nbd2 Nh6 9. h3 Be6 10. Qe2 O-O 11. Nc4 Nf7 12. b3 Re8 13. dxe5 fxe5 14. Rd1 Qf6
15. Ne3 Qg6 16. Nf5 Qf6 17. Ng3 a5 18. Be3 a4 19. c4 Be7 20. Rab1 c5 21. Bc1
Qg6 22. Qc2 Bf6 23. Nf5 Nd8 24. Kh2 Nc6 25. g4 Qf7 26. Rg1 Kh8 27. Qe2 g6 28.
g5 Bg7 29. Nh6 Qf8 30. Ng4 axb3 31. axb3 Rad8 32. Rg3 Rd7 33. Nf6 Bxf6 34. gxf6
Qxf6 35. Bg5 Qf8 36. Qe3 Rf7 37. Bh6 Qd6 38. Qg5 Nd4 39. Nxe5 Ne2 40. Nxf7+
Bxf7 41. Rd1 Qe6 42. Rf3 Kg8 43. Rd8 Nd4 44. Rxe8+ Qxe8 45. Rf4 Ne6 46. Qe5 Qd7
47. Qf6 Qd2 1-0

[Event "BL 8182 Frankfurt-HSK"]
[Site "?"]
[Date "1982.??.??"]
[Round "?.5"]
[White "Zieher, H."]
[Black "Haakert, J."]
[Result "0-1"]
[WhiteElo "2280"]
[BlackElo "2305"]
[PlyCount "139"]
[EventDate "1982.??.??"]

1. e4 Nf6 2. e5 Nd5 3. d4 d6 4. Nf3 Nc6 5. c4 Nb6 6. exd6 exd6 7. Be2 Bg4 8.
O-O Be7 9. Nc3 O-O 10. b3 Bf6 11. Be3 d5 12. c5 Nc8 13. h3 Be6 14. Ne1 N8e7 15.
g4 g5 16. Ng2 Ng6 17. Qd2 Nf4 18. Nxf4 gxf4 19. Bxf4 Nxd4 20. Rad1 b6 21. Nb5
bxc5 22. Nxd4 Bxd4 23. Bh6 f5 24. Bxf8 Qxf8 25. Kg2 Qg7 26. f3 Re8 27. Bd3 Kh8
28. Qe1 f4 29. Qh4 Bf7 30. Rfe1 Be3 31. Re2 c6 32. Bf5 Bg8 33. Bb1 a5 34. Qh5
Re5 35. Qh4 Re8 36. Qh5 Re5 37. Qh4 Re8 38. Qe1 a4 39. Qh4 axb3 40. axb3 d4 41.
Bc2 c4 42. bxc4 Bxc4 43. Ree1 Bg8 44. Be4 Bd5 45. Qh5 Re5 46. Qh4 Re8 47. Bc2
c5 48. Ra1 c4 49. Qh5 Bf7 50. Qb5 d3 51. Bxd3 cxd3 52. Qxd3 Qf6 53. Red1 Qh4
54. Qc3+ Kg8 55. Qe1 Qf6 56. Qb4 Rc8 57. Qb7 Qc3 58. Qe7 Qb2+ 59. Kh1 h6 60.
Rd8+ Rxd8 61. Qxd8+ Kg7 62. Qa5 Bd5 63. Qc7+ Bf7 64. Rd1 Qf6 65. Kg2 Kg6 66.
Rd6 Be6 67. h4 h5 68. Qc6 Kf7 69. Kh3 Bf2 70. Qc7+ {ZÜ} 0-1

[Event "BL 8182 Frankfurt-HSK"]
[Site "?"]
[Date "1982.??.??"]
[Round "?.6"]
[White "Bialas, W."]
[Black "Fette, M."]
[Result "1-0"]
[WhiteElo "2340"]
[BlackElo "2235"]
[PlyCount "55"]
[EventDate "1982.??.??"]

1. Nf3 Nf6 2. c4 g6 3. Nc3 Bg7 4. e3 O-O 5. Be2 d6 6. d4 Nbd7 7. O-O e5 8. h3
Re8 9. Qc2 c6 10. dxe5 dxe5 11. e4 Qc7 12. Be3 Nf8 13. Rfd1 Ne6 14. Rd2 Nf4 15.
Bf1 h6 16. Bc5 Bf8 17. Bxf8 Kxf8 18. Nd1 Ne6 19. Nc3 Ng5 20. Qd3 Be6 21. Rad1
Kg7 22. Nxg5 hxg5 23. Qg3 g4 24. Rd6 gxh3 25. Qxe5 Rh8 26. g4 h2+ 27. Kh1 Qb6
28. g5 1-0

[Event "BL 8182 Frankfurt-HSK"]
[Site "?"]
[Date "1982.??.??"]
[Round "?.7"]
[White "Schroeder, C."]
[Black "Fahnenschmidt, G."]
[Result "1/2-1/2"]
[WhiteElo "2240"]
[BlackElo "2325"]
[PlyCount "54"]
[EventDate "1982.??.??"]

1. e4 c5 2. Nf3 e6 3. d4 cxd4 4. Nxd4 Nf6 5. Nc3 d6 6. Bc4 Be7 7. Bb3 Na6 8.
Be3 Nc5 9. f3 O-O 10. Qe2 e5 11. Nf5 Bxf5 12. exf5 Nxb3 13. axb3 d5 14. Bg5 d4
15. Bxf6 dxc3 16. Bxe7 cxb2 17. Rb1 Qxe7 18. O-O Qc5+ 19. Rf2 Rfd8 20. Rxb2 Rd6
21. b4 Qd4 22. c4 Rad8 23. c5 Rd5 24. g3 Qc3 25. Kg2 h6 26. Qe4 Qc1 27. Rfc2
Qa1 1/2-1/2

[Event "BL 8182 SKJE-Frankfurt"]
[Site "?"]
[Date "1982.??.??"]
[Round "?.1"]
[White "Lobron, E."]
[Black "Stein, B."]
[Result "0-1"]
[WhiteElo "2395"]
[BlackElo "2295"]
[PlyCount "98"]
[EventDate "1982.??.??"]

1. Nf3 Nf6 2. g3 d6 3. Bg2 e5 4. c4 Nbd7 5. Nc3 c6 6. O-O Be7 7. d4 O-O 8. c5
exd4 9. cxd6 dxc3 10. bxc3 Ne4 11. dxe7 Qxe7 12. Bb2 Nb6 13. Qc2 Nc4 14. Rad1
Nxb2 15. Qxb2 Qc5 16. Rd3 Qh5 17. Rfd1 Nc5 18. Re3 Qh6 19. Qb4 b6 20. Ne5 Bb7
21. Qc4 Rac8 22. h4 Rc7 23. Ng4 Qg6 24. Qf4 Rcc8 25. Ne5 Qc2 26. Rd6 Qxa2 27.
Nd7 Nxd7 28. Rxd7 Ba8 29. Ree7 a5 30. Kh2 b5 31. Bd5 Qxd5 32. Rxd5 cxd5 33. Qe5
b4 34. cxb4 axb4 35. g4 b3 36. h5 h6 37. Rc7 Rxc7 38. Qxc7 d4 39. Qb6 Bd5 40.
Qxd4 Be6 41. Kg3 Rb8 42. Qe5 Rb4 43. Qc3 Rxg4+ 44. Kf3 Rg5 45. e4 Rxh5 46. Ke2
Rb5 47. Qb2 g6 48. f4 h5 49. Qb1 b2 0-1

[Event "BL 8182 SKJE-Frankfurt"]
[Site "?"]
[Date "1982.??.??"]
[Round "?.4"]
[White "Fehrig, A."]
[Black "Werner, D."]
[Result "0-1"]
[WhiteElo "2215"]
[BlackElo "2355"]
[PlyCount "74"]
[EventDate "1982.??.??"]

1. e4 d6 2. d4 Nf6 3. Nc3 g6 4. Nf3 Bg7 5. Be2 O-O 6. O-O c6 7. h3 Nbd7 8. Be3
Qc7 9. Qd2 b5 10. a3 Bb7 11. Nh2 e5 12. dxe5 dxe5 13. Rad1 Rfd8 14. Qc1 a5 15.
b4 axb4 16. axb4 Nf8 17. Ng4 Ne6 18. Nxf6+ Bxf6 19. Bg4 Nd4 20. Ne2 h5 21. Bf3
Nxf3+ 22. gxf3 Bc8 23. Kh2 Be6 24. Rg1 Rxd1 25. Rxd1 Bc4 26. Ng3 Kh7 27. Bg5
Qe7 28. Bd2 Rd8 29. Re1 Qd6 30. Bc3 Bg7 31. Nf1 Bh6 32. Ne3 Qf6 33. Kg2 Qg5+
34. Kh2 Be6 35. Rh1 f5 36. exf5 gxf5 37. Qg1 Qf4+ 0-1

[Event "BL 8182 HSK-Kettig"]
[Site "?"]
[Date "1982.??.??"]
[Round "?.1"]
[White "Weidemann, J."]
[Black "Huebner, R."]
[Result "0-1"]
[WhiteElo "2285"]
[BlackElo "2640"]
[PlyCount "84"]
[EventDate "1982.??.??"]

1. e4 c6 2. d4 d5 3. Nc3 dxe4 4. Nxe4 Nd7 5. Bg5 Ngf6 6. Qd3 Nxe4 7. Qxe4 Nf6
8. Qe3 Bf5 9. c3 e6 10. Nf3 Be7 11. Bxf6 Bxf6 12. Bd3 Bxd3 13. Qxd3 O-O 14. O-O
c5 15. Rfd1 cxd4 16. Nxd4 Qb6 17. Qe2 g6 18. Rd3 Rad8 19. Nb3 Qa6 20. Nc1 Qa4
21. Rxd8 Rxd8 22. Nb3 b6 23. Qf3 Kg7 24. g3 Rd5 25. Qe2 h5 26. h4 g5 27. c4 Rf5
28. hxg5 Rxg5 29. Kh2 Rg4 30. f4 Kh6 31. Kh3 Rg8 32. f5 exf5 33. Rf1 Qd7 34.
Kh2 Rg4 35. Qe3+ Kg6 36. c5 h4 37. Rf3 Qd5 38. gxh4 Be5+ 39. Kh3 Qd1 40. h5+
Kf6 41. Qh6+ Ke7 42. Rxf5 Rg3+ 0-1

[Event "BL 8182 HSK-Kettig"]
[Site "?"]
[Date "1982.??.??"]
[Round "?.6"]
[White "Fette, M."]
[Black "Sandmeier, T."]
[Result "1-0"]
[WhiteElo "2235"]
[BlackElo "2250"]
[PlyCount "59"]
[EventDate "1982.??.??"]

1. e4 Nf6 2. e5 Nd5 3. c4 Nb6 4. c5 Nd5 5. Bc4 e6 6. Nc3 Nxc3 7. dxc3 Nc6 8.
Bf4 Bxc5 9. Qg4 Kf8 10. Nf3 d5 11. O-O-O Bd7 12. Bd3 Ne7 13. h4 Qe8 14. h5 Bb5
15. h6 g6 16. Qh4 Ng8 17. Bxb5 Qxb5 18. Bg5 Ne7 19. Bf6 Nf5 20. Qh3 Rg8 21. g4
Ne7 22. Ng5 Ke8 23. Qf3 Nc6 24. Nxh7 Qc4 25. Kb1 d4 26. Ng5 dxc3 27. Qxc3 Qxc3
28. bxc3 Be7 29. h7 Rh8 30. Bxh8 1-0

[Event "BL 8182 HSK-Kettig"]
[Site "?"]
[Date "1982.??.??"]
[Round "?.7"]
[White "Busch, R."]
[Black "Schroeder, C."]
[Result "1-0"]
[WhiteElo "2255"]
[BlackElo "2240"]
[PlyCount "103"]
[EventDate "1982.??.??"]

1. d4 g6 2. e4 Bg7 3. Nf3 d6 4. Be2 Nd7 5. O-O b6 6. c4 Bb7 7. Nc3 c5 8. d5
Ngf6 9. h3 O-O 10. Bf4 a6 11. Re1 Ne8 12. Qd2 Nc7 13. a4 Rb8 14. Rad1 Bc8 15.
Bf1 Ne5 16. Nxe5 dxe5 17. Be3 a5 18. Bd3 Ne8 19. Rf1 Nd6 20. Bh6 f5 21. Bxg7
Kxg7 22. f4 fxe4 23. Nxe4 Nxe4 24. Bxe4 exf4 25. Rxf4 Rxf4 26. Qxf4 Qd6 27. Rf1
Qxf4 28. Rxf4 Bd7 29. Bc2 Rf8 30. Re4 Rf7 31. Bd1 Kf8 32. b3 Rf6 33. h4 e6 34.
Bf3 exd5 35. cxd5 Rd6 36. Re3 Bc8 37. Kf2 Bb7 38. Re5 Ba6 39. Ke3 c4 40. Be2
Bc8 41. bxc4 Bd7 42. Bd1 Rf6 43. Re4 Rf1 44. Rf4+ Rxf4 45. Kxf4 Bf5 46. Ke5 Ke7
47. g4 Bd3 48. Bb3 h6 49. g5 hxg5 50. hxg5 Bf5 51. c5 bxc5 52. d6+ 1-0

[Event "BL 8182 Bayern-Solingen"]
[Site "?"]
[Date "1982.??.??"]
[Round "?.1"]
[White "Spassky, B."]
[Black "Westermeier, A."]
[Result "1-0"]
[WhiteElo "2630"]
[BlackElo "2320"]
[PlyCount "115"]
[EventDate "1982.??.??"]

1. e4 c5 2. d3 Nc6 3. g3 g6 4. Bg2 Bg7 5. f4 d6 6. Nf3 b6 7. O-O Bb7 8. c3 Qd7
9. Nbd2 Nf6 10. Qe2 O-O 11. a3 e5 12. Nc4 Rae8 13. a4 Ba6 14. f5 d5 15. exd5
Nxd5 16. Ng5 Nf6 17. Ne4 Nxe4 18. Qxe4 Rc8 19. f6 Bh8 20. Be3 Rfe8 21. Qd5 Qxd5
22. Bxd5 Red8 23. Be4 Bxc4 24. dxc4 Rd6 25. Bg5 h6 26. Bxh6 Bxf6 27. Be3 Kg7
28. g4 Rc7 29. Rf3 Nd8 30. Raf1 Be7 31. g5 Bf8 32. Bd5 Ne6 33. h4 Nd8 34. Kg2
Rdd7 35. Bg1 Bd6 36. Re3 Re7 37. Rf6 Rcd7 38. Kf3 e4+ 39. Kg4 Be5 40. Rf1 f5+
41. gxf6+ Bxf6 42. h5 gxh5+ 43. Kh3 Nf7 44. Rg3+ Ng5+ 45. Kh4 Re5 46. Be3 Kg6
47. Rxf6+ Kxf6 48. Bxg5+ Kf5 49. Be3 Kf6 50. Bg5+ Kf5 51. Be3 a5 52. Rg8 Rd6
53. Rg2 Rd7 54. Rf2+ Kg6 55. Rf8 Rg7 56. Bf4 Ree7 57. Bg5 e3 58. Rf6+ 1-0

[Event "BL 8182 Bayern-Solingen"]
[Site "?"]
[Date "1982.??.??"]
[Round "?.2"]
[White "Saacke, B."]
[Black "Kavalek, L."]
[Result "1/2-1/2"]
[WhiteElo "2395"]
[BlackElo "2595"]
[PlyCount "136"]
[EventDate "1982.??.??"]

1. d4 Nf6 2. Nf3 g6 3. g3 Bg7 4. Bg2 O-O 5. O-O d6 6. b3 Nbd7 7. c4 e5 8. Nc3
Re8 9. e3 a6 10. Bb2 c6 11. a4 exd4 12. Nxd4 a5 13. h3 Nc5 14. Qc2 Qb6 15. Rab1
Bd7 16. Ba3 Rad8 17. Rfd1 Bc8 18. Kh2 Na6 19. Rd2 Nb4 20. Qd1 d5 21. cxd5 Nfxd5
22. Nxd5 Nxd5 23. Rc1 Nb4 24. Bf1 Rd7 25. Bc4 Qd8 26. Nf3 Rxd2 27. Qxd2 Qf6 28.
Qe2 g5 29. Nd4 g4 30. h4 h5 31. Rd1 Rd8 32. Rd2 Rd7 33. Bc1 Qd8 34. Qd1 Be5 35.
Kg1 Nd5 36. Qc2 Qf6 37. Qe4 Nc3 38. Qc2 c5 39. Qxc3 cxd4 40. exd4 Bxd4 41.
Bxf7+ Kg7 42. Qxc8 Rxf7 43. Qc2 Qe5 44. Bb2 Bxb2 45. Qxb2 Qxb2 46. Rxb2 Rf3 47.
b4 axb4 48. Rxb4 Rf7 49. Kg2 Kh7 50. Rf4 Rc7 51. Kf1 Re7 52. f3 gxf3 53. Rxf3
b6 54. Rf5 Kg6 55. Rg5+ Kh6 56. Rb5 Re6 57. Kf2 Kg6 58. Kf3 Rc6 59. Rg5+ Kh6
60. Re5 Rc4 61. Re4 Rc3+ 62. Kf4 Ra3 63. Rb4 Kh7 64. g4 hxg4 65. Kxg4 Kg7 66.
Kf5 Kf7 67. Re4 Rc3 68. Ke5 b5 1/2-1/2

[Event "BL 8182 Bayern-Solingen"]
[Site "?"]
[Date "1982.??.??"]
[Round "?.3"]
[White "Hecht, H."]
[Black "Kindermann, S."]
[Result "1-0"]
[WhiteElo "2460"]
[BlackElo "2425"]
[PlyCount "97"]
[EventDate "1982.??.??"]

1. g3 e5 2. Nf3 Nc6 3. d4 e4 4. Ne5 Nce7 5. f3 d6 6. Nc4 d5 7. Ne3 exf3 8. exf3
Nf5 9. Nc3 Nf6 10. Nxf5 Bxf5 11. Bd3 Qe7+ 12. Kf2 Be6 13. Re1 Qd7 14. Bf5 O-O-O
15. Bxe6 fxe6 16. Bf4 Bd6 17. Be5 Bxe5 18. Rxe5 Qf7 19. Kg2 Nd7 20. Re2 h5 21.
Qd2 h4 22. Qf4 Nf6 23. g4 h3+ 24. Kg1 Qd7 25. Rae1 Rde8 26. Nd1 Rhf8 27. Qg3
Qa4 28. c3 Qxa2 29. Nf2 Nd7 30. Nxh3 Rf6 31. Ng5 Nf8 32. h4 Kd7 33. h5 a5 34.
f4 Qc4 35. Nf3 Kc8 36. Ne5 Qb5 37. Kg2 a4 38. Nd3 Rd8 39. Ne5 Qb3 40. Rh1 Nd7
41. Nxd7 Kxd7 42. g5 Rf5 43. h6 gxh6 44. Rxh6 Rdf8 45. Qe3 Rxf4 46. Qxe6+ Kd8
47. Rf6 R4xf6 48. gxf6 Rh8 49. f7 1-0

[Event "BL 8182 Bayern-Solingen"]
[Site "?"]
[Date "1982.??.??"]
[Round "?.4"]
[White "Bischoff, K."]
[Black "Lau, R."]
[Result "1-0"]
[WhiteElo "2365"]
[BlackElo "2405"]
[PlyCount "93"]
[EventDate "1982.??.??"]

1. c4 e6 2. Nf3 Nf6 3. g3 b6 4. Bg2 Bb7 5. O-O c5 6. Nc3 Be7 7. d4 cxd4 8. Qxd4
d6 9. Rd1 a6 10. b3 Nbd7 11. e4 Qc8 12. Bb2 O-O 13. Qe3 Re8 14. Nd4 Bf8 15. h3
Qc7 16. Re1 g6 17. Rad1 Rad8 18. g4 h6 19. Qg3 Qb8 20. Bc1 Bg7 21. Nc2 Nh7 22.
Re3 Nc5 23. Nd4 Qa8 24. Nde2 Nf6 25. f3 d5 26. e5 Nh7 27. cxd5 exd5 28. Nd4 Qb8
29. f4 g5 30. Ree1 Ne6 31. Nxe6 fxe6 32. Ne2 Rf8 33. Nd4 Rde8 34. h4 Rf7 35.
fxg5 hxg5 36. h5 Qd8 37. Rf1 Rxf1+ 38. Rxf1 Qc7 39. Re1 Bc8 40. Ba3 Rd8 41. Kh2
b5 42. Qe3 Qa5 43. Nc6 d4 44. Qc1 Qc7 45. Nxd8 Qxd8 46. Bd6 d3 47. Qc7 1-0

[Event "BL 8182 Bayern-Solingen"]
[Site "?"]
[Date "1982.??.??"]
[Round "?.5"]
[White "Dueball, J."]
[Black "Schubert, C."]
[Result "1-0"]
[WhiteElo "2455"]
[BlackElo "2270"]
[PlyCount "69"]
[EventDate "1982.??.??"]

1. d4 Nf6 2. c4 g6 3. Nc3 Bg7 4. e4 O-O 5. Bg5 c5 6. d5 h6 7. Bf4 Qa5 8. Bd2 d6
9. Be2 e5 10. g4 Qd8 11. h4 b5 12. cxb5 a6 13. bxa6 Nxa6 14. h5 g5 15. Nh3 Rb8
16. Rb1 Rb4 17. f3 Nc7 18. Nf2 Nd7 19. Qc2 Nb6 20. b3 Rd4 21. Be3 Bd7 22. a4
Qa8 23. Bxd4 exd4 24. Nb5 Ncxd5 25. exd5 Nxd5 26. O-O Ne3 27. Qd3 d5 28. Nd1
Qb8 29. Nxe3 dxe3 30. f4 d4 31. b4 gxf4 32. bxc5 f3 33. Rxf3 Bxg4 34. Nd6 Qd8
35. Rg3 1-0

[Event "BL 8182 Bamberg-Bochum"]
[Site "?"]
[Date "1982.??.??"]
[Round "?.1"]
[White "Schussler, H."]
[Black "Hartmann, Wo"]
[Result "1-0"]
[WhiteElo "2495"]
[BlackElo "2275"]
[PlyCount "61"]
[EventDate "1982.??.??"]

1. d4 Nf6 2. c4 e6 3. Nf3 b6 4. a3 Bb7 5. Nc3 Ne4 6. Nxe4 Bxe4 7. Nd2 Bb7 8. e4
Qf6 9. d5 Bc5 10. Nf3 Qg6 11. b4 Qxe4+ 12. Be2 Bd6 13. O-O Qg6 14. Nd4 O-O 15.
Bf3 f5 16. dxe6 Bxf3 17. Qxf3 Nc6 18. Nxc6 dxc6 19. Re1 Rae8 20. c5 bxc5 21.
bxc5 Bxc5 22. Qxc6 Bd4 23. Ra2 Rf6 24. Rae2 f4 25. Re4 f3 26. g3 Bb6 27. Bb2
Rff8 28. Qc4 Re7 29. Bxg7 Rf5 30. Bb2 Rg5 31. Qc3 1-0

[Event "BL 8182 Bamberg-Bochum"]
[Site "?"]
[Date "1982.??.??"]
[Round "?.2"]
[White "Kestler, H."]
[Black "Borik, O."]
[Result "1/2-1/2"]
[WhiteElo "2405"]
[BlackElo "2410"]
[PlyCount "56"]
[EventDate "1982.??.??"]

1. c4 g6 2. g3 Bg7 3. Bg2 Nc6 4. Nc3 e5 5. d3 d6 6. Rb1 f5 7. b4 a6 8. a4 Nf6
9. b5 axb5 10. axb5 Ne7 11. Nf3 O-O 12. Qb3 Kh8 13. Bg5 Be6 14. Nd2 c6 15. O-O
h6 16. Bxf6 Bxf6 17. Ra1 Qd7 18. Na4 Qc7 19. b6 Qd7 20. Nc3 Rab8 21. Ra7 f4 22.
Nce4 Bg7 23. Qb4 Nf5 24. Nf3 fxg3 25. hxg3 d5 26. cxd5 cxd5 27. Nc5 Qe7 28. e3
Rfc8 1/2-1/2

[Event "BL 8182 Bamberg-Bochum"]
[Site "?"]
[Date "1982.??.??"]
[Round "?.3"]
[White "Budde, V."]
[Black "Ruehrig, V."]
[Result "1/2-1/2"]
[WhiteElo "2355"]
[BlackElo "2300"]
[PlyCount "93"]
[EventDate "1982.??.??"]

1. d4 Nf6 2. c4 g6 3. Nc3 Bg7 4. Nf3 O-O 5. e3 d6 6. Be2 Nbd7 7. O-O e5 8. b4
Re8 9. b5 d5 10. Ba3 exd4 11. exd4 dxc4 12. Bxc4 Nb6 13. Bb3 Nfd5 14. Nxd5 Nxd5
15. Ne5 Be6 16. Qf3 a6 17. bxa6 Rxa6 18. Bb2 Nf6 19. Qxb7 Rb6 20. Qf3 Bxb3 21.
axb3 Qd5 22. Qxd5 Nxd5 23. Ra5 Nf4 24. g3 Ne2+ 25. Kg2 Rxb3 26. Ba1 Nc3 27. Rc1
Nb5 28. Nc6 Bf8 29. d5 f5 30. Nd4 Nxd4 31. Bxd4 Rd3 32. Be3 Bd6 33. Bf4 Bxf4
34. gxf4 Re7 35. Rac5 Kf7 36. Rxc7 Rxd5 37. Rxe7+ Kxe7 38. Rc6 Rd6 39. Rc7+ Rd7
40. Rc4 Ke6 41. Kg3 Kd5 42. Ra4 Rb7 43. f3 Rc7 44. Ra6 Rd7 45. h3 Re7 46. Kf2
Rc7 47. Rf6 1/2-1/2

[Event "BL 8182 Bamberg-Bochum"]
[Site "?"]
[Date "1982.??.??"]
[Round "?.4"]
[White "Treppner, G."]
[Black "Paulsen, D."]
[Result "0-1"]
[WhiteElo "2255"]
[BlackElo "2290"]
[PlyCount "124"]
[EventDate "1982.??.??"]

1. d4 g6 2. Nf3 Bg7 3. c4 d6 4. Nc3 Bg4 5. e3 Nc6 6. Be2 e5 7. O-O exd4 8. exd4
Nge7 9. d5 Bxf3 10. Bxf3 Ne5 11. Be2 O-O 12. Bg5 h6 13. Bh4 g5 14. Bg3 N7g6 15.
Qc2 Nf4 16. Bxf4 gxf4 17. Qe4 Qg5 18. g3 f5 19. Qxf4 Qxf4 20. gxf4 Ng6 21. Na4
Nxf4 22. Bf3 b6 23. Rfd1 Kf7 24. Rac1 Rg8 25. Kh1 Bf6 26. Nc3 Rg7 27. Rg1 Nd3
28. Rc2 Bxc3 29. Bh5+ Ke7 30. bxc3 Rxg1+ 31. Kxg1 Nf4 32. Bf3 Kf6 33. Rd2 Ng6
34. Bh5 Nf4 35. Bf3 Re8 36. Kf1 Re7 37. Rd4 Ng6 38. Bh5 Ne5 39. Bd1 Nd7 40. Bc2
Nc5 41. h4 Ne4 42. Rd3 f4 43. Rd4 Nxc3 44. Rxf4+ Ke5 45. Rf5+ Kd4 46. Rf4+ Kc5
47. a3 a5 48. Bd3 Nd1 49. Be2 Nb2 50. h5 Na4 51. Rf6 Nc3 52. Re6 Rf7 53. Bd3
Nd1 54. f3 Rxf3+ 55. Ke2 Rh3 56. Rxh6 Nc3+ 57. Kd2 Kd4 58. Bc2 Rh2+ 59. Kc1
Kxc4 60. Rh8 Nxd5 61. h6 Kc3 62. Be4 Re2 0-1

[Event "BL 8182 Solingen-Bamberg"]
[Site "?"]
[Date "1982.??.??"]
[Round "?.2"]
[White "Kavalek, L."]
[Black "Kestler, H."]
[Result "1-0"]
[WhiteElo "2595"]
[BlackElo "2405"]
[PlyCount "101"]
[EventDate "1982.??.??"]

1. d4 Nf6 2. Nf3 g6 3. c4 Bg7 4. Nc3 O-O 5. e4 d6 6. h3 e5 7. d5 Nbd7 8. Be3
Nc5 9. Nd2 a5 10. g4 c6 11. Be2 Bd7 12. h4 cxd5 13. cxd5 a4 14. g5 Ne8 15. b4
axb3 16. axb3 f5 17. f3 Rc8 18. b4 Nd3+ 19. Bxd3 Rxc3 20. Nb1 Rc8 21. Ra7 Rb8
22. Rh2 fxe4 23. fxe4 Rf4 24. Nd2 Rg4 25. Be2 Rf4 26. Qa1 Qc7 27. Bd3 Rc8 28.
Nf1 h6 29. Rc2 Qd8 30. Qa5 Qe7 31. Rxc8 Bxc8 32. Ra8 Bd7 33. Qd8 Qf7 34. Bxf4
exf4 35. Kd1 hxg5 36. hxg5 f3 37. Kc2 Bh8 38. Ne3 f2 39. b5 Kh7 40. Bf1 Qg7 41.
Nd1 Qf7 42. Rb8 Bg4 43. Ne3 Qg7 44. Rxb7 Qxb7 45. Nxg4 Qf7 46. b6 Bg7 47. Nf6+
Bxf6 48. gxf6 Nxf6 49. b7 Qxb7 50. Qxf6 Qa7 51. Kd2 1-0

[Event "BL 8182 Solingen-Bamberg"]
[Site "?"]
[Date "1982.??.??"]
[Round "?.3"]
[White "Ruehrig, V."]
[Black "Hecht, H."]
[Result "1/2-1/2"]
[WhiteElo "2300"]
[BlackElo "2460"]
[PlyCount "36"]
[EventDate "1982.??.??"]

1. Nf3 Nf6 2. g3 b6 3. Bg2 Bb7 4. O-O g6 5. d3 d5 6. c3 Bg7 7. Qa4+ Nbd7 8. Re1
O-O 9. Qh4 Re8 10. Bh6 e5 11. Nbd2 Qe7 12. e4 Nxe4 13. Bxg7 Nxd2 14. Ng5 Kxg7
15. Qxh7+ Kf6 16. Qh4 Kg7 17. Qh7+ Kf6 18. Qh4 Kg7 1/2-1/2

[Event "BL 8182 Solingen-Bamberg"]
[Site "?"]
[Date "1982.??.??"]
[Round "?.4"]
[White "Lau, R."]
[Black "Treppner, G."]
[Result "1/2-1/2"]
[WhiteElo "2405"]
[BlackElo "2255"]
[PlyCount "74"]
[EventDate "1982.??.??"]

1. e4 e5 2. Bc4 Nf6 3. d3 c6 4. Nf3 d6 5. O-O Be7 6. Re1 O-O 7. a4 a5 8. h3
Nbd7 9. Nc3 Nc5 10. d4 exd4 11. Nxd4 Re8 12. Qf3 Bf8 13. Bg5 Ncd7 14. Bb3 h6
15. Bh4 Ne5 16. Qd1 Be7 17. Bg3 Qb6 18. Kh1 Rd8 19. f4 Ng6 20. Nf5 Bf8 21. Nh4
Ne7 22. Qf3 g6 23. e5 dxe5 24. fxe5 Nfd5 25. Ne4 Nf5 26. Nxf5 Bxf5 27. Bh4 Be7
28. Bxe7 Nxe7 29. Nd6 Rf8 30. Nxf5 Nxf5 31. e6 fxe6 32. Rxe6 Kh7 33. Qg4 g5 34.
Bc4 Qf2 35. Bd3 Kg7 36. Bxf5 Rxf5 37. Qh5 Rf6 1/2-1/2

[Event "BL 8182 Bochum-Bayern"]
[Site "?"]
[Date "1982.??.??"]
[Round "?.1"]
[White "Westermeier, A."]
[Black "Schussler, H."]
[Result "1/2-1/2"]
[WhiteElo "2320"]
[BlackElo "2495"]
[PlyCount "34"]
[EventDate "1982.??.??"]

1. e4 d6 2. d4 Nf6 3. Nc3 g6 4. Nf3 Bg7 5. Bf4 O-O 6. Qd2 Nc6 7. d5 e5 8. dxe6
Bxe6 9. O-O-O Bg4 10. Bh6 Re8 11. Bxg7 Kxg7 12. Qf4 Qe7 13. Bb5 a6 14. Bxc6
bxc6 15. Rhe1 Bxf3 16. Qxf3 Qe5 17. Qg3 Qxg3 1/2-1/2

[Event "BL 8182 Bochum-Bayern"]
[Site "?"]
[Date "1982.??.??"]
[Round "?.2"]
[White "Borik, O."]
[Black "Saacke, B."]
[Result "0-1"]
[WhiteElo "2410"]
[BlackElo "2395"]
[PlyCount "78"]
[EventDate "1982.??.??"]

1. d4 d5 2. c4 e6 3. Nc3 c6 4. Nf3 Nd7 5. cxd5 exd5 6. Bf4 Ndf6 7. Qc2 Ne7 8.
Bg5 Bf5 9. Qb3 Qb6 10. Bxf6 gxf6 11. e3 Nc8 12. Qxb6 axb6 13. Kd2 Nd6 14. Bd3
Bg6 15. b3 f5 16. Kc2 Ne4 17. Rhf1 Bd6 18. g3 Ke7 19. Nh4 Nxc3 20. Kxc3 Ke6 21.
f4 h5 22. Nf3 Ra3 23. Kb2 Rha8 24. h3 c5 25. Bb5 R3a5 26. a4 Be7 27. Rac1 R5a7
28. Ne5 Rd8 29. Bd3 Rh8 30. Bc2 Raa8 31. Rcd1 Rac8 32. e4 fxe4 33. g4 hxg4 34.
hxg4 cxd4 35. Rxd4 Rh2 36. Rc1 Bf6 37. Kb1 Bxe5 38. fxe5 Kxe5 39. Rb4 Rcxc2 0-1

[Event "BL 8182 Bochum-Bayern"]
[Site "?"]
[Date "1982.??.??"]
[Round "?.3"]
[White "Klundt, K."]
[Black "Budde, V."]
[Result "1/2-1/2"]
[WhiteElo "2395"]
[BlackElo "2355"]
[PlyCount "45"]
[EventDate "1982.??.??"]

1. e4 c5 2. Nf3 d6 3. d4 cxd4 4. Nxd4 Nf6 5. Nc3 a6 6. Be2 e6 7. O-O Be7 8. Be3
O-O 9. f4 Qc7 10. Kh1 b5 11. e5 dxe5 12. fxe5 Nfd7 13. Nf5 exf5 14. Nd5 Qxe5
15. Bf4 Qe6 16. Bf3 Bd8 17. Re1 Qg6 18. Bc7 Bg5 19. Ne7+ Bxe7 20. Rxe7 Nc6 21.
Rxd7 Bxd7 22. Qxd7 Rad8 23. Bxd8 1/2-1/2

[Event "BL 8182 Bochum-Bayern"]
[Site "?"]
[Date "1982.??.??"]
[Round "?.4"]
[White "Paulsen, D."]
[Black "Kindermann, S."]
[Result "1-0"]
[WhiteElo "2290"]
[BlackElo "2425"]
[PlyCount "67"]
[EventDate "1982.??.??"]

1. e4 d6 2. d4 Nf6 3. Nc3 g6 4. g3 Bg7 5. Bg2 O-O 6. Nge2 Nbd7 7. O-O c5 8. Re1
Rb8 9. dxc5 Nxc5 10. Nd4 Bd7 11. Nd5 Rc8 12. Bg5 e6 13. Nc3 a6 14. Qd2 b5 15.
b4 Na4 16. Nxa4 bxa4 17. Rad1 Qc7 18. Bf1 e5 19. Nf3 Bg4 20. Qe3 Qxc2 21. h3
Be6 22. Rxd6 Qxa2 23. Rxa6 Ra8 24. b5 a3 25. Nd2 Rfc8 26. Nb1 Rxa6 27. bxa6 Bb3
28. a7 Ne8 29. Qb6 Bf8 30. Qb8 Bc5 31. Be3 Bxe3 32. Rxe3 Qxb1 33. Rxb3 Rxb8 34.
axb8=Q 1-0